[Event "International Tournament Belgrade Troph"]
[Site "Belgrade"]
[Date "2020.11.29"]
[Round "6.1"]
[White "Tsvetkov, Andrey"]
[Black "Risteski, Emil"]
[Result "0-1"]
[WhiteElo "2395"]
[BlackElo "2213"]
[PlyCount "82"]
[EventDate "2020.11.24"]

1. d4 Nf6 2. c4 g6 3. Nc3 Bg7 4. e4 d6 5. Be2 O-O 6. Be3 e5 7. d5 Na6 8. h4 Nc5
9. Qc2 c6 10. h5 cxd5 11. cxd5 Qa5 12. h6 Bh8 13. f3 Nh5 14. a3 Ng3 15. b4 Qd8
16. Rh2 Nxe2 17. Ngxe2 Na6 18. Nb5 f5 19. Nxa7 fxe4 20. Nxc8 exf3 21. Nb6 fxe2
22. Kxe2 Rb8 23. Rc1 Bf6 24. Rf1 Nc7 25. Qa4 Rf7 26. g4 Na8 27. Rhf2 Nxb6 28.
Bxb6 Qc8 29. Rxf6 Qxg4+ 30. Kd3 e4+ 31. Ke3 Rxf6 32. Rxf6 Qg5+ 33. Kxe4 Qxf6
34. Bd4 Qf5+ 35. Ke3 Rf8 36. Qd1 Qxd5 37. Qg4 Re8+ 38. Kd2 Qe4 39. Qg1 Qe2+ 40.
Kc1 Qc4+ 41. Kb1 Re2 0-1

[Event "International Tournament Belgrade Troph"]
[Site "Belgrade"]
[Date "2020.11.29"]
[Round "6.2"]
[White "Potpara, Nikola"]
[Black "Damjanovic, Vuk"]
[Result "1/2-1/2"]
[WhiteElo "2383"]
[BlackElo "2352"]
[PlyCount "40"]
[EventDate "2020.11.24"]

1. c4 c5 2. g3 Nc6 3. Bg2 g6 4. Nc3 Bg7 5. Nf3 d6 6. d3 e6 7. Bg5 Nge7 8. a3 h6
9. Bd2 b6 10. Rb1 Bb7 11. b4 Qd7 12. O-O O-O 13. b5 Nd4 14. Nxd4 cxd4 15. Bxb7
Qxb7 16. Na2 d5 17. Rc1 Rfc8 18. Qb3 dxc4 19. Rxc4 Rxc4 20. Qxc4 Rc8 1/2-1/2

[Event "International Tournament Belgrade Troph"]
[Site "Belgrade"]
[Date "2020.11.29"]
[Round "6.4"]
[White "Chelushkina, Irina"]
[Black "Vukic, Milan"]
[Result "1/2-1/2"]
[WhiteElo "2224"]
[BlackElo "2406"]
[PlyCount "38"]
[EventDate "2020.11.24"]

1. g3 g6 2. Bg2 Bg7 3. d4 Nf6 4. e4 d6 5. Nc3 O-O 6. Nge2 e5 7. h3 Nc6 8. Be3
exd4 9. Nxd4 Bd7 10. O-O Re8 11. Re1 Qc8 12. Kh2 Re5 13. f3 Rh5 14. h4 Re5 15.
Nde2 Re8 16. Nf4 a6 17. a4 Ne5 18. Nd3 Nc4 19. Bf2 Ne5 {...} 1/2-1/2

[Event "International Tournament Belgrade Troph"]
[Site "Belgrade"]
[Date "2020.11.29"]
[Round "6.5"]
[White "Novakovic, Aleksej"]
[Black "Rajkovic, Mladen"]
[Result "0-1"]
[WhiteElo "1893"]
[BlackElo "2394"]
[PlyCount "80"]
[EventDate "2020.11.24"]

1. d4 Nf6 2. Nc3 d5 3. Bg5 Nbd7 4. f3 c5 5. dxc5 e6 6. e4 Bxc5 7. exd5 Qb6 8.
Nh3 Qxb2 9. Bd2 Nxd5 10. Qb1 Qxb1+ 11. Rxb1 N7b6 12. Ne4 Be7 13. c4 Nf6 14.
Nhf2 O-O 15. Bd3 Nxe4 16. Nxe4 f5 17. Nc3 Rd8 18. Ke2 Nd7 19. Bf4 Nc5 20. Bc2
Bd7 21. Be3 Bc6 22. Rhg1 b6 23. g3 Bf6 24. Nb5 Be4 25. Rbc1 Nd3 26. Bxd3 Bxd3+
27. Kf2 Bb2 28. Rcd1 Bxc4 29. Rxd8+ Rxd8 30. Nxa7 Bd4 31. a4 Bxe3+ 32. Kxe3
Rd3+ 33. Kf2 Ra3 34. Nc8 Rb3 35. Rc1 Rb2+ 36. Ke3 Ba6 37. Rc6 Bxc8 38. Rxc8+
Kf7 39. h4 h6 40. Rb8 Rb4 {...} 0-1

[Event "International Tournament Belgrade Troph"]
[Site "Belgrade"]
[Date "2020.11.29"]
[Round "6.6"]
[White "Petrovic, Aleksa"]
[Black "Zhapova, Yana"]
[Result "1-0"]
[WhiteElo "2114"]
[BlackElo "1854"]
[PlyCount "77"]
[EventDate "2020.11.24"]

1. e4 c5 2. Nf3 Nc6 3. d4 cxd4 4. Nxd4 Qb6 5. Nb3 Nf6 6. Nc3 e6 7. Be3 Qc7 8.
a3 Be7 9. f4 O-O 10. Qf3 a6 11. g4 b5 12. g5 Ne8 13. h4 Bb7 14. h5 b4 15. axb4
Nxb4 16. Qf2 f5 17. h6 g6 18. Bb6 Qc8 19. O-O-O fxe4 20. Bc5 Bxc5 21. Nxc5 d6
22. Nxb7 Qxb7 23. Bh3 e5 24. Qd2 Rb8 25. Be6+ Kh8 26. b3 Nd3+ 27. Kb1 Nxf4 28.
Qe3 a5 29. Nxe4 Qe7 30. Qc3 Rb4 31. Rhe1 Ng2 32. Re2 Nf4 33. Ree1 Ng2 34. Nxd6
Nxe1 35. Nf7+ Rxf7 36. Bxf7 Ng2 37. Rd7 Qxg5 38. Qc5 Qxh6 39. Qxe5+ 1-0

[Event "International Tournament Belgrade Troph"]
[Site "Belgrade"]
[Date "2020.11.29"]
[Round "6.7"]
[White "Petkovic, Jovan"]
[Black "Dimitrijevic, Dusan"]
[Result "1-0"]
[WhiteElo "2045"]
[BlackElo "2113"]
[PlyCount "127"]
[EventDate "2020.11.24"]

1. e4 e6 2. d4 d5 3. e5 c5 4. c3 Nc6 5. Nf3 Bd7 6. Bd3 cxd4 7. cxd4 Qb6 8. Bc2
Nb4 9. O-O Rc8 10. Nc3 Nxc2 11. Qxc2 Ne7 12. Qb3 Nf5 13. Qxb6 axb6 14. g4 Ne7
15. Be3 h5 16. h3 Ng6 17. a4 hxg4 18. hxg4 Bb4 19. Rfc1 Nh4 20. Nxh4 Rxh4 21.
f3 f6 22. Nb5 Rxc1+ 23. Rxc1 Bxb5 24. axb5 Kd7 25. Bf4 f5 26. Bg3 Rh3 27. Kg2
fxg4 28. fxg4 Rh8 29. Rf1 Rf8 30. Rc1 Ra8 31. g5 Ra2 32. Rc2 g6 33. Kf3 Ba3 34.
Rh2 Rxb2 35. Rh6 Rb3+ 36. Kg4 Rd3 37. Rxg6 Rxd4+ 38. Kh5 Be7 39. Rf6 Rd3 40.
Bf4 Rh3+ 41. Kg4 Rh8 42. Rh6 Rg8 43. g6 d4 44. Bg5 d3 45. Rh7 Re8 46. g7 Rg8
47. Bf6 Ke8 48. Rh8 Kf7 49. Kf3 d2 50. Ke2 Bb4 51. Rh4 Be7 52. Rf4 Rd8 53. Kd1
Bxf6 54. exf6 e5 55. Rf2 Rd6 56. Rg2 Rd8 57. Rxd2 Re8 58. Rf2 e4 59. Ke2 Rc8
60. Ke3 Rc5 61. Rg2 Rc8 62. Kxe4 Re8+ 63. Kf5 Rg8 64. Rg1 1-0

[Event "International Tournament Belgrade Troph"]
[Site "Belgrade"]
[Date "2020.11.29"]
[Round "6.8"]
[White "Vasic, Vladimir"]
[Black "Lundin, Jan"]
[Result "1-0"]
[WhiteElo "2147"]
[BlackElo "2326"]
[PlyCount "69"]
[EventDate "2020.11.24"]

1. e4 e6 2. d4 d5 3. Nd2 Nc6 4. Ngf3 Nf6 5. e5 Nd7 6. Bd3 Nb4 7. Be2 c5 8. c3
Nc6 9. O-O Be7 10. Re1 g5 11. h3 h5 12. g4 hxg4 13. hxg4 Qb6 14. Nf1 cxd4 15.
cxd4 Bb4 16. Be3 Bxe1 17. Qxe1 Nf8 18. Qd2 Nh7 19. a3 Na5 20. Rd1 Nb3 21. Qd3
Bd7 22. Ng3 Rc8 23. Kg2 Nf8 24. Bxg5 Ba4 25. Nh5 Ng6 26. Nf6+ Kf8 27. Qe3 Bb5
28. Qxb3 Be8 29. Qxb6 axb6 30. Bd3 Ba4 31. Re1 Rc6 32. Kg3 Bc2 33. Bb5 Rc7 34.
Rc1 Kg7 35. Ne8+ 1-0

[Event "International Tournament Belgrade Troph"]
[Site "Belgrade"]
[Date "2020.11.29"]
[Round "6.9"]
[White "Dolsonov, Ayusha"]
[Black "Katic, Goran"]
[Result "1-0"]
[WhiteElo "2264"]
[BlackElo "1984"]
[PlyCount "91"]
[EventDate "2020.11.24"]

1. e4 c6 2. d4 d5 3. e5 Bf5 4. h4 Qb6 5. g4 Be6 6. f4 h5 7. f5 Bd7 8. c3 e6 9.
Bh3 c5 10. fxe6 Bxe6 11. gxh5 cxd4 12. cxd4 Nc6 13. Ne2 Nh6 14. Bxh6 Rxh6 15.
Nbc3 Be7 16. Bxe6 fxe6 17. Qa4 Rxh5 18. O-O-O Rxh4 19. Rhg1 g5 20. Rgf1 O-O-O
21. Rf7 Rf8 22. Rxf8+ Bxf8 23. Qc2 Rh6 24. Nxd5 Qd8 25. Nf6 Kb8 26. Qc4 Be7 27.
Ng4 Rg6 28. Nc3 Nb4 29. Kb1 Nd5 30. Nxd5 exd5 31. Qd3 Ra6 32. Ne3 Qa5 33. Qb3
Rb6 34. Qxd5 Qc3 35. Qg8+ Qc8 36. Qxc8+ Kxc8 37. Nf5 Ba3 38. Rd2 Bb4 39. Rg2
Rg6 40. Kc2 Kd7 41. Kd3 Ba5 42. Ke4 Bd8 43. d5 Ra6 44. e6+ Ke8 45. b3 Bf6 46.
Rc2 1-0

[Event "International Tournament Belgrade Troph"]
[Site "Belgrade"]
[Date "2020.11.29"]
[Round "6.10"]
[White "Smolovic, Mile"]
[Black "Radojicic, Aleksandar M"]
[Result "1/2-1/2"]
[WhiteElo "2210"]
[BlackElo "2015"]
[PlyCount "77"]
[EventDate "2020.11.24"]

1. e4 c5 2. Nc3 e6 3. Nge2 a6 4. g3 b5 5. Bg2 Bb7 6. d4 cxd4 7. Nxd4 Nf6 8. Qe2
e5 9. Nf5 g6 10. Nh6 Nc6 11. Bg5 Be7 12. a3 Nd4 13. Qd3 Ne6 14. Bd2 d6 15. O-O
Qb6 16. Be3 Qc7 17. Qe2 Bf8 18. Rac1 Nd4 19. Qd3 Qc4 20. Rfe1 Qxd3 21. cxd3 Nb3
22. Rcd1 Bxh6 23. Bxh6 Ng4 24. Bd2 Nxd2 25. Rxd2 O-O 26. d4 Nf6 27. Red1 Kg7
28. f4 Ng4 29. Re1 Rfe8 30. fxe5 dxe5 31. a4 exd4 32. Rxd4 bxa4 33. Nxa4 Bc6
34. Nc3 Ne5 35. h3 Rab8 36. b4 h6 37. Kh1 Rec8 38. Nd5 Bb5 39. Rd2 1/2-1/2

[Event "International Tournament Belgrade Troph"]
[Site "Belgrade"]
[Date "2020.11.29"]
[Round "6.11"]
[White "Hart, Alexander"]
[Black "Stankovic, Boris"]
[Result "1/2-1/2"]
[WhiteElo "1979"]
[BlackElo "2088"]
[PlyCount "64"]
[EventDate "2020.11.24"]

1. d4 Nf6 2. c4 g6 3. Nc3 Bg7 4. e4 d6 5. f3 O-O 6. Nge2 c6 7. Bg5 a6 8. Qd2 b5
9. Ng3 Nbd7 10. Be2 Qb6 11. Be3 bxc4 12. Bxc4 a5 13. e5 Ne8 14. e6 fxe6 15.
Bxe6+ Kh8 16. O-O Ndf6 17. Bb3 Qb4 18. Ba4 Nd5 19. a3 Qc4 20. Nxd5 Qxd5 21.
Rac1 Bd7 22. Rfd1 Nf6 23. Kh1 Rab8 24. Rc2 Rb6 25. Qe2 h5 26. h4 Rfb8 27. Bg5
Qf7 28. Qd2 Nd5 29. Ne4 Qf5 30. Ng3 Qf7 31. Ne4 Kh7 32. Re1 Kh8 1/2-1/2

[Event "International Tournament Belgrade Troph"]
[Site "Belgrade"]
[Date "2020.11.29"]
[Round "6.12"]
[White "Ivanovic, Marko"]
[Black "Kocyigit, Buse Naz"]
[Result "0-1"]
[WhiteElo "2264"]
[BlackElo "2030"]
[PlyCount "36"]
[EventDate "2020.11.24"]

1. e4 c5 2. Nf3 d6 3. d4 cxd4 4. Nxd4 Nf6 5. f3 g6 6. Nc3 Bg7 7. Be3 O-O 8. Bc4
Nc6 9. Bb3 Bd7 10. Qd2 Rb8 11. O-O Na5 12. Bh6 b5 13. g4 e5 14. Bxg7 Kxg7 15.
Nde2 b4 16. Nd5 Nxb3 17. cxb3 Nxd5 18. Qxd5 Be6 {...} 0-1

[Event "International Tournament Belgrade Troph"]
[Site "Belgrade"]
[Date "2020.11.29"]
[Round "6.13"]
[White "Poleksic, Petar"]
[Black "Bujisic, Vlastimir"]
[Result "0-1"]
[WhiteElo "2045"]
[BlackElo "2233"]
[PlyCount "108"]
[EventDate "2020.11.24"]

1. e4 e5 2. Nf3 Nf6 3. Nc3 Nc6 4. Bb5 Bc5 5. Nxe5 O-O 6. O-O Nd4 7. Nd3 Bb6 8.
e5 Nxb5 9. Nxb5 Ne4 10. Nc3 d6 11. exd6 Bf5 12. Nxe4 Bxe4 13. Ne5 Qxd6 14. Nf3
c5 15. d3 Bc6 16. Nd2 Bc7 17. Qh5 f5 18. Nc4 Qd5 19. Ne3 Qd7 20. f4 Rae8 21.
Qh4 Rf6 22. Bd2 Rg6 23. Rf2 Qd4 24. Kf1 Rxe3 25. Bxe3 Qxe3 26. Re1 Qd4 27. Qh3
Rg4 28. c3 Qd5 29. a3 Rxf4 30. Rxf4 Bxf4 31. Re2 Bg5 32. c4 Qd7 33. Qg3 Bf6 34.
Qb8+ Kf7 35. Qg3 g5 36. Qh3 Kg6 37. b4 b5 38. g4 fxg4 39. Qe3 bxc4 40. dxc4
cxb4 41. axb4 Qf5+ 42. Ke1 Qb1+ 43. Kf2 Qxb4 44. Qd3+ Kg7 45. Re6 Qb2+ 46. Re2
Qd4+ 47. Re3 Qxd3 48. Rxd3 Be7 49. Ke3 Bc5+ 50. Kd2 Bg1 51. Rd6 Bf3 52. Rd7+
Kg6 53. Re7 Bxh2 54. Rxa7 g3 0-1

[Event "International Tournament Belgrade Troph"]
[Site "Belgrade"]
[Date "2020.11.29"]
[Round "6.14"]
[White "Petrovic, Petar"]
[Black "Maric, Dragan"]
[Result "0-1"]
[WhiteElo "1956"]
[BlackElo "2159"]
[PlyCount "51"]
[EventDate "2020.11.24"]

1. e4 e6 2. d4 d5 3. Nc3 Bb4 4. exd5 exd5 5. a3 Bxc3+ 6. bxc3 Bf5 7. Bd3 Ne7 8.
Ne2 O-O 9. O-O Nbc6 10. a4 b6 11. Ba3 Re8 12. Ng3 Bg6 13. Re1 Qd7 14. Bb5 Nf5
15. Qg4 h5 16. Nxh5 Bxh5 17. Qxh5 g6 18. Qg5 a6 19. Bd3 Na5 20. Bxf5 Qxf5 21.
Qxf5 gxf5 22. Rad1 Nc4 23. Bc1 f6 24. Kf1 c5 25. Rd3 b5 26. Rg3+ {...} 0-1

[Event "International Tournament Belgrade Troph"]
[Site "Belgrade"]
[Date "2020.11.29"]
[Round "6.15"]
[White "Hlebec, Darko"]
[Black "Tyurin, Artem"]
[Result "0-1"]
[WhiteElo "1956"]
[BlackElo "2096"]
[PlyCount "92"]
[EventDate "2020.11.24"]

1. d4 Nf6 2. Nf3 e6 3. c4 d5 4. e3 c5 5. cxd5 exd5 6. Bb5+ Bd7 7. Bxd7+ Nbxd7
8. dxc5 Nxc5 9. O-O Bd6 10. b4 Nce4 11. Qa4+ Qd7 12. Qxd7+ Kxd7 13. a3 Rhc8 14.
Bb2 Rc2 15. Bxf6 Nxf6 16. Nbd2 Rac8 17. Nb3 Rb2 18. Nbd4 Ne4 19. Rab1 Rxb1 20.
Rxb1 Rc3 21. Ra1 a6 22. Kf1 f6 23. Ke2 Be5 24. a4 Rc4 25. b5 a5 26. Ke1 Nc5 27.
Rd1 Nxa4 28. Nxe5+ fxe5 29. Nb3 Nc3 30. Rc1 Nxb5 31. Rxc4 dxc4 32. Nxa5 Nd6 33.
Kd2 b6 34. Nxc4 Nxc4+ 35. Kc3 b5 36. f4 Nxe3 37. fxe5 Nxg2 38. Kb4 Ke6 39. Kxb5
Kxe5 40. Kc6 g5 41. Kc5 h5 42. Kc4 Ke4 43. Kc3 g4 44. Kd2 Kf3 45. Kd3 h4 46.
Kd2 h3 0-1

[Event "International Tournament Belgrade Troph"]
[Site "Belgrade"]
[Date "2020.11.29"]
[Round "6.16"]
[White "Grncarski, Jugoslav"]
[Black "Stanic, Aleksandar"]
[Result "1/2-1/2"]
[WhiteElo "1901"]
[BlackElo "2120"]
[PlyCount "119"]
[EventDate "2020.11.24"]

1. e4 e5 2. f4 exf4 3. Nf3 d6 4. d4 g5 5. h4 g4 6. Ng1 Bh6 7. Nc3 c6 8. Nge2
Qf6 9. g3 fxg3 10. Nxg3 Qf3 11. Qxf3 gxf3 12. Bh3 Na6 13. Bxc8 Rxc8 14. Nf5 Bf8
15. Bf4 Rd8 16. O-O-O h5 17. Rdf1 Nh6 18. Nxh6 Bxh6 19. Rxf3 Bxf4+ 20. Rxf4 Nc7
21. d5 c5 22. Rg1 Rh7 23. Rf5 Ke7 24. Ne2 Rdh8 25. Kd2 Ne8 26. Kd3 Nf6 27. Rgg5
Ng4 28. Nf4 Nf2+ 29. Ke3 Nd1+ 30. Kf3 Nxb2 31. Rxh5 Nc4 32. Rxh7 Rxh7 33. h5
Na3 34. c3 Nb1 35. Ne2 Nd2+ 36. Ke3 Nc4+ 37. Kf4 b5 38. Ng3 a5 39. Rg5 Kf8 40.
Nf5 b4 41. cxb4 axb4 42. h6 Rh8 43. Rh5 Rh7 44. Rh2 Na3 45. Nxd6 c4 46. Nf5 c3
47. Ke3 Nc4+ 48. Kd3 Ne5+ 49. Kc2 f6 50. Kb3 Nf3 51. Rh1 Nd2+ 52. Kxb4 Nxe4 53.
Kb5 c2 54. Kc6 Nf2 55. Rc1 Nd3 56. Rf1 c1=Q+ 57. Rxc1 Nxc1 58. d6 Ke8 59. Ng7+
Kf7 60. d7 1/2-1/2

[Event "International Tournament Belgrade Troph"]
[Site "Belgrade"]
[Date "2020.11.29"]
[Round "6.17"]
[White "Djakovic, Todor"]
[Black "Nedeljkovic, Dragan"]
[Result "0-1"]
[WhiteElo "1818"]
[BlackElo "2113"]
[PlyCount "75"]
[EventDate "2020.11.24"]

1. e4 c6 2. d4 d5 3. Nc3 dxe4 4. Nxe4 Nd7 5. Nf3 Ngf6 6. Ng3 e6 7. Bd3 c5 8.
O-O Qc7 9. Qe2 Be7 10. dxc5 Nxc5 11. Bb5+ Bd7 12. Bxd7+ Ncxd7 13. b3 Qc3 14.
Rb1 O-O 15. Bd2 Qxc2 16. Nd4 Qg6 17. Rbc1 Bc5 18. Be3 Rfc8 19. Qb5 Bb6 20. Qa4
a6 21. Qb4 Nd5 22. Qd6 Rd8 23. Nge2 N7f6 24. Qg3 Qxg3 25. hxg3 Nxe3 26. fxe3 e5
27. Nf5 g6 28. Nh6+ Kg7 29. Rc3 Nd5 30. Rxf7+ Kxh6 31. Rc4 Bxe3+ 32. Kh2 Bg5
33. Ng1 b5 34. Re4 Nf6 35. Rh4+ Bxh4 36. gxh4 Rf8 37. Rb7 Rad8 38. Nh3 0-1

[Event "International Tournament Belgrade Troph"]
[Site "Belgrade"]
[Date "2020.11.29"]
[Round "6.18"]
[White "Stojkovic, Nenad P"]
[Black "Poleksic, Dusan"]
[Result "1-0"]
[WhiteElo "2104"]
[BlackElo "2032"]
[PlyCount "66"]
[EventDate "2020.11.24"]

1. Nf3 c5 2. c4 e6 3. d4 d5 4. cxd5 exd5 5. Nc3 Nc6 6. g3 Nf6 7. Bg2 cxd4 8.
Nxd4 Bc5 9. Nb3 Bb4 10. O-O Bxc3 11. bxc3 O-O 12. Qc2 Be6 13. Be3 b6 14. Nd4
Na5 15. Nf3 Ne4 16. Nd4 Re8 17. Nxe6 Rxe6 18. Bd4 Nc4 19. Rad1 Qe7 20. Rfe1 Re8
21. e3 Rh6 22. Qe2 Qg5 23. f3 Nxg3 24. hxg3 Qxg3 25. e4 Ree6 26. Bf2 Qh2+ 27.
Kf1 Qc7 28. Rxd5 g5 29. Rxg5+ Reg6 30. Rxg6+ hxg6 31. e5 g5 32. Bg3 b5 33. Rd1
Re6 1-0

[Event "International Tournament Belgrade Troph"]
[Site "Belgrade"]
[Date "2020.11.29"]
[Round "6.19"]
[White "Radosavljevic, Vukasin"]
[Black "Zubic, Aleksandar"]
[Result "1-0"]
[WhiteElo "1921"]
[BlackElo "1905"]
[PlyCount "75"]
[EventDate "2020.11.24"]

1. e4 c5 2. Nf3 d6 3. d4 cxd4 4. Nxd4 Nc6 5. Nc3 g6 6. Be3 Bg7 7. Bc4 Nf6 8. f3
Bd7 9. Qd2 h5 10. O-O-O Rc8 11. Kb1 Ne5 12. Bb3 Nc4 13. Bxc4 Rxc4 14. Qd3 Qc8
15. h3 a6 16. g4 Be6 17. Nce2 Rc7 18. e5 Bc4 19. exf6 Bxd3 20. fxg7 Bxc2+ 21.
Nxc2 Rg8 22. Nb4 Qe6 23. Nd5 Rc6 24. Nef4 Qd7 25. Bd4 f6 26. Rhe1 Kf7 27. Rxe7+
Qxe7 28. Nxe7 Kxe7 29. Nd5+ Kf7 30. Bxf6 Rxg7 31. Bxg7 Kxg7 32. Rc1 Rc5 33.
Rxc5 dxc5 34. f4 Kf7 35. f5 hxg4 36. hxg4 gxf5 37. gxf5 a5 38. a4 1-0

[Event "International Tournament Belgrade Troph"]
[Site "Belgrade"]
[Date "2020.11.29"]
[Round "6.20"]
[White "Radulov, Nevena"]
[Black "Zlatkov, Anton"]
[Result "0-1"]
[WhiteElo "1734"]
[BlackElo "2032"]
[PlyCount "68"]
[EventDate "2020.11.24"]

1. c4 Nf6 2. Nc3 g6 3. Nf3 Bg7 4. g3 O-O 5. Bg2 d6 6. d4 Nbd7 7. O-O c6 8. h3
e5 9. e4 Qe7 10. Be3 Ne8 11. Ne1 f5 12. f4 exf4 13. Bxf4 fxe4 14. Nxe4 Ndf6 15.
Nxf6+ Nxf6 16. Bg5 h6 17. Bxf6 Rxf6 18. Nf3 Be6 19. d5 cxd5 20. cxd5 Bd7 21.
Qd2 Raf8 22. Kh2 Qf7 23. Rac1 Bb5 24. Rf2 Rf5 25. Qe3 Qxd5 26. Rd2 Rxf3 27.
Rxd5 Rxe3 28. Rxb5 Re2 29. Kh1 b6 30. Rd5 Be5 31. Rd3 Rxb2 32. Rf3 Kh8 33. Ra3
a5 34. Re3 Rxa2 0-1

[Event "International Tournament Belgrade Troph"]
[Site "Belgrade"]
[Date "2020.11.29"]
[Round "6.21"]
[White "Spanton, Tim R"]
[Black "Ivanovic, Strahinja"]
[Result "0-1"]
[WhiteElo "1831"]
[BlackElo "1338"]
[PlyCount "138"]
[EventDate "2020.11.24"]

1. e4 e5 2. Nf3 Nc6 3. Bb5 a6 4. Bxc6 dxc6 5. d4 exd4 6. Qxd4 Qxd4 7. Nxd4 Bd7
8. Be3 Nf6 9. f3 Bc5 10. Nf5 Bd6 11. Nxg7+ Kf8 12. Nf5 Bxf5 13. exf5 Re8 14.
Kf2 Nd5 15. Bh6+ Kg8 16. Re1 Bc5+ 17. Kf1 Ne3+ 18. Bxe3 Rxe3 19. Nc3 Rxe1+ 20.
Rxe1 Kg7 21. Ne4 Bd4 22. c3 Be5 23. Rd1 h6 24. g3 Re8 25. Kf2 a5 26. h4 b5 27.
a3 b4 28. axb4 axb4 29. Rd2 c5 30. c4 Bd4+ 31. Kg2 h5 32. Kf1 Ra8 33. Ke2 Ra1
34. Kd3 Rf1 35. f4 Rf3+ 36. Kc2 b3+ 37. Kd1 Rf1+ 38. Ke2 Rc1 39. Kd3 Rf1 40.
Ke2 Rc1 41. Rd3 Rc2+ 42. Nd2 Bxb2 43. Rxb3 Bc3 44. Kd3 Rxd2+ 45. Kxc3 Rg2 46.
Rb5 Rxg3+ 47. Kd2 Rf3 48. Rxc5 Rxf4 49. Rxc7 Rxh4 50. c5 Rd4+ 51. Kc3 Rd8 52.
Rc6 h4 53. Rb6 Rd1 54. Rb2 Rd8 55. Kc4 Kf6 56. Rf2 Kg5 57. c6 h3 58. Kc5 Rh8
59. Rh2 Kxf5 60. Kd6 Kg4 61. Ke7 f5 62. c7 Kg3 63. Rd2 h2 64. Rd3+ Kf4 65. Rd1
Kg4 66. Kf6 Rc8 67. Rc1 Rxc7 68. Rxc7 h1=Q 69. Rc4+ Qe4 0-1

[Event "International Tournament Belgrade Troph"]
[Site "Belgrade"]
[Date "2020.11.29"]
[Round "6.22"]
[White "Bjeletic, Zeljko"]
[Black "Rajlic, Boris"]
[Result "1-0"]
[WhiteElo "1564"]
[BlackElo "1564"]
[PlyCount "117"]
[EventDate "2020.11.24"]

1. Nf3 Nf6 2. c4 d6 3. g3 g6 4. Bg2 Bg7 5. O-O O-O 6. Nc3 Nc6 7. d4 e6 8. e4
Bd7 9. Re1 Re8 10. e5 dxe5 11. dxe5 Ng4 12. Bg5 f6 13. exf6 Bxf6 14. Bxf6 Nxf6
15. Ne5 Nxe5 16. Rxe5 Qe7 17. Qe2 Qf7 18. Bxb7 Rab8 19. Bg2 Rf8 20. Re1 Rbe8
21. Nb5 Bxb5 22. cxb5 Kg7 23. Bh3 Kh8 24. Rxe6 Rxe6 25. Qxe6 Qg7 26. Kg2 Qh6
27. Qe5 g5 28. Qd4 Qg6 29. Kg1 Kg8 30. Be6+ Kh8 31. Bc4 h5 32. Re7 h4 33. Bd3
Qh6 34. Rh7+ Qxh7 35. Bxh7 Kxh7 36. gxh4 gxh4 37. Qxh4+ Kg7 38. Qg3+ Kh8 39.
Qxc7 Rg8+ 40. Kf1 Ng4 41. Qxa7 Nxh2+ 42. Ke2 Re8+ 43. Kd3 Rd8+ 44. Kc4 Rc8+ 45.
Kd5 Rd8+ 46. Kc6 Rc8+ 47. Qc7 Ra8 48. Qxh2+ Kg7 49. b6 Rxa2 50. b7 Rxb2 51.
Qe5+ Kg6 52. Qxb2 Kf5 53. Kd5 Kf4 54. Qd4+ Kf3 55. b8=R Ke2 56. Re8+ Kf1 57.
Qd1+ Kg2 58. Rg8+ Kxf2 59. Qd2+ 1-0